000 00675nam a2200289Ia 4500
005 20260324133150.0
008 008 260324s9999 xx 000 0 eng d
020 _a9781315091174
037 _aEBOOK
040 _aCRL
040 _beng
040 _cCRL
041 _2eng
041 _aeng
084 _qCRL
100 _aWilliam Tyldesley
_91192042
245 0 _aMichael William Balfe
245 0 _bHis Life and His English Operas
260 _bTaylor and Francis
260 _c2003
365 _a
365 _b230
856 _uhttp://www.taylorfrancis.com/books/9781315091174
942 _cEBOOK
999 _c1790850
_d1790850